<?xml version="1.0" encoding="UTF-8"?>
<record
    xmlns:xsi="http://www.w3.org/2001/XMLSchema-instance"
    xsi:schemaLocation="http://www.loc.gov/MARC21/slim http://www.loc.gov/standards/marcxml/schema/MARC21slim.xsd"
    xmlns="http://www.loc.gov/MARC21/slim">

  <leader>02980nam a2200673 u 4500</leader>
  <controlfield tag="001">638779</controlfield>
  <controlfield tag="005">20260506084724.0</controlfield>
  <controlfield tag="008">001128s2000                        spa  </controlfield>
  <datafield tag="035" ind1=" " ind2=" ">
    <subfield code="a">638779</subfield>
  </datafield>
  <datafield tag="035" ind1=" " ind2=" ">
    <subfield code="a">(OCoLC)777787960</subfield>
  </datafield>
  <datafield tag="040" ind1=" " ind2=" ">
    <subfield code="c">comduadb</subfield>
  </datafield>
  <datafield tag="041" ind1=" " ind2=" ">
    <subfield code="a">spa</subfield>
  </datafield>
  <datafield tag="050" ind1=" " ind2="4">
    <subfield code="a">HD</subfield>
  </datafield>
  <datafield tag="050" ind1=" " ind2="4">
    <subfield code="a">F</subfield>
  </datafield>
  <datafield tag="110" ind1="2" ind2="0">
    <subfield code="a">Superintendencia Nacional de Salud</subfield>
    <subfield code="4">aut</subfield>
    <subfield code="e">aut</subfield>
    <subfield code="9">826104</subfield>
  </datafield>
  <datafield tag="245" ind1="1" ind2="0">
    <subfield code="a">Indicadores de cobertura 1999 : Regimen Subsidiado</subfield>
  </datafield>
  <datafield tag="260" ind1=" " ind2=" ">
    <subfield code="a">Bogot&#xE1; :</subfield>
    <subfield code="b">Supersalud,</subfield>
    <subfield code="c">2000.</subfield>
  </datafield>
  <datafield tag="300" ind1=" " ind2=" ">
    <subfield code="a">175p.</subfield>
  </datafield>
  <datafield tag="490" ind1="0" ind2=" ">
    <subfield code="a">Serie Estad&#xED;stica ;</subfield>
    <subfield code="v">2</subfield>
  </datafield>
  <datafield tag="500" ind1=" " ind2=" ">
    <subfield code="a">Tambien en: http://www.sapersalud.gov.co.</subfield>
  </datafield>
  <datafield tag="500" ind1=" " ind2=" ">
    <subfield code="a">Donacion: Decanatura Facultad de Enfermeria. Universidad de Antioquia. Dic./00.</subfield>
  </datafield>
  <datafield tag="520" ind1="3" ind2=" ">
    <subfield code="a">El documento contiene un analisis descriptivo de la cobertura del regimen subsidiado en cada uno de los municipios colombianos, frente a la poblacion con necesidades basicas insatisfechas -NBI- que alli habitan. En el se encuentran las inequidades que estan presentes en este regimen, como es el caso por solo citar un ejemplo de municipios que poseen coberturas inferiores al 30 por ciento de su poblacion con necesidades basicas insatisfechas y otros que superan el 200 por ciento. Esta es una se?al de alarma para quienes tienen la responsabilidad social de distribuir los recursos del regimen subsidiado, los cuales deben ser focalizados hacia quienes no tienen capacidad de pago para acceder a los servicios esenciales de salud.</subfield>
  </datafield>
  <datafield tag="650" ind1=" " ind2=" ">
    <subfield code="a">R&#xE9;gimen subsidiado de salud</subfield>
    <subfield code="9">83892</subfield>
  </datafield>
  <datafield tag="650" ind1=" " ind2=" ">
    <subfield code="a">Cobertura de servicios de salud</subfield>
    <subfield code="9">16652</subfield>
  </datafield>
  <datafield tag="650" ind1=" " ind2="7">
    <subfield code="a">Seguridad social</subfield>
    <subfield code="2">embne</subfield>
    <subfield code="9">35032</subfield>
  </datafield>
  <datafield tag="650" ind1=" " ind2=" ">
    <subfield code="a">Estad&#xED;sticas</subfield>
  </datafield>
  <datafield tag="650" ind1=" " ind2=" ">
    <subfield code="a">Antioquia (Colombia)</subfield>
    <subfield code="9">77506</subfield>
  </datafield>
  <datafield tag="650" ind1=" " ind2=" ">
    <subfield code="a">Arauca (Colombia)</subfield>
    <subfield code="9">28094</subfield>
  </datafield>
  <datafield tag="650" ind1=" " ind2=" ">
    <subfield code="a">Atl&#xE1;ntico (Colombia)</subfield>
    <subfield code="9">51682</subfield>
  </datafield>
  <datafield tag="650" ind1=" " ind2=" ">
    <subfield code="a">Bolivar (Departamento)</subfield>
    <subfield code="9">57909</subfield>
  </datafield>
  <datafield tag="650" ind1=" " ind2=" ">
    <subfield code="a">Boyac&#xE1; (Colombia)</subfield>
    <subfield code="9">13458</subfield>
  </datafield>
  <datafield tag="650" ind1=" " ind2=" ">
    <subfield code="a">Caldas (Departamento)</subfield>
    <subfield code="9">41560</subfield>
  </datafield>
  <datafield tag="650" ind1=" " ind2=" ">
    <subfield code="a">Caqueta (Colombia)</subfield>
    <subfield code="9">39675</subfield>
  </datafield>
  <datafield tag="650" ind1=" " ind2=" ">
    <subfield code="a">Casanare (Colombia)</subfield>
    <subfield code="9">57422</subfield>
  </datafield>
  <datafield tag="650" ind1=" " ind2=" ">
    <subfield code="a">Cauca (Colombia)</subfield>
    <subfield code="9">13154</subfield>
  </datafield>
  <datafield tag="650" ind1=" " ind2=" ">
    <subfield code="a">Cesar (Colombia)</subfield>
    <subfield code="9">31112</subfield>
  </datafield>
  <datafield tag="650" ind1=" " ind2=" ">
    <subfield code="a">Choc&#xF3; (Colombia)</subfield>
    <subfield code="9">22028</subfield>
  </datafield>
  <datafield tag="650" ind1=" " ind2=" ">
    <subfield code="a">C&#xF3;rdoba (Colombia)</subfield>
    <subfield code="9">35166</subfield>
  </datafield>
  <datafield tag="650" ind1=" " ind2=" ">
    <subfield code="a">Cundinamarca (Colombia)</subfield>
    <subfield code="9">20787</subfield>
  </datafield>
  <datafield tag="650" ind1=" " ind2=" ">
    <subfield code="a">Guainia (Colombia)</subfield>
    <subfield code="9">40415</subfield>
  </datafield>
  <datafield tag="650" ind1=" " ind2=" ">
    <subfield code="a">Guaviare (Colombia)</subfield>
    <subfield code="9">59014</subfield>
  </datafield>
  <datafield tag="650" ind1=" " ind2=" ">
    <subfield code="a">Huila (Colombia)</subfield>
    <subfield code="9">12219</subfield>
  </datafield>
  <datafield tag="650" ind1=" " ind2=" ">
    <subfield code="a">Guajira (Colombia)</subfield>
    <subfield code="9">57289</subfield>
  </datafield>
  <datafield tag="650" ind1=" " ind2=" ">
    <subfield code="a">Magdalena (Colombia)</subfield>
    <subfield code="9">55376</subfield>
  </datafield>
  <datafield tag="650" ind1=" " ind2=" ">
    <subfield code="a">Meta (Colombia)</subfield>
    <subfield code="9">24617</subfield>
  </datafield>
  <datafield tag="650" ind1=" " ind2=" ">
    <subfield code="a">Nari&#xF1;o (Colombia)</subfield>
    <subfield code="9">13409</subfield>
  </datafield>
  <datafield tag="650" ind1=" " ind2=" ">
    <subfield code="a">Norte de Santander (Colombia)</subfield>
    <subfield code="9">19126</subfield>
  </datafield>
  <datafield tag="650" ind1=" " ind2=" ">
    <subfield code="a">Putumayo (Colombia)</subfield>
    <subfield code="9">34055</subfield>
  </datafield>
  <datafield tag="650" ind1=" " ind2=" ">
    <subfield code="a">Quind&#xED;o (Colombia)</subfield>
    <subfield code="9">26045</subfield>
  </datafield>
  <datafield tag="650" ind1=" " ind2=" ">
    <subfield code="a">Risaralda (Colombia)</subfield>
    <subfield code="9">152118</subfield>
  </datafield>
  <datafield tag="650" ind1=" " ind2=" ">
    <subfield code="a">San Andr&#xE9;s y Providencia</subfield>
    <subfield code="9">19680</subfield>
  </datafield>
  <datafield tag="650" ind1=" " ind2=" ">
    <subfield code="a">Santander (Colombia)</subfield>
    <subfield code="9">52921</subfield>
  </datafield>
  <datafield tag="650" ind1=" " ind2=" ">
    <subfield code="a">Sucre (Colombia)</subfield>
    <subfield code="9">55373</subfield>
  </datafield>
  <datafield tag="650" ind1=" " ind2=" ">
    <subfield code="a">Tolima (Colombia)</subfield>
    <subfield code="9">30932</subfield>
  </datafield>
  <datafield tag="650" ind1=" " ind2=" ">
    <subfield code="a">Valle del Cauca (Colombia)</subfield>
    <subfield code="9">52429</subfield>
  </datafield>
  <datafield tag="650" ind1=" " ind2=" ">
    <subfield code="a">Vaupes (Colombia)</subfield>
    <subfield code="9">30333</subfield>
  </datafield>
  <datafield tag="650" ind1=" " ind2=" ">
    <subfield code="a">Vichada (Meta)</subfield>
  </datafield>
  <datafield tag="942" ind1=" " ind2=" ">
    <subfield code="c">BOOK</subfield>
  </datafield>
  <datafield tag="999" ind1=" " ind2=" ">
    <subfield code="c">167539</subfield>
    <subfield code="d">167539</subfield>
  </datafield>
  <datafield tag="952" ind1=" " ind2=" ">
    <subfield code="0">0</subfield>
    <subfield code="1">0</subfield>
    <subfield code="4">0</subfield>
    <subfield code="7">0</subfield>
    <subfield code="8">SEMIACTIV2</subfield>
    <subfield code="a">BSP</subfield>
    <subfield code="b">BSP</subfield>
    <subfield code="d">2000-11-28</subfield>
    <subfield code="i">C664374</subfield>
    <subfield code="l">0</subfield>
    <subfield code="o">HD7091 S8i-00</subfield>
    <subfield code="p">6-417442</subfield>
    <subfield code="r">2023-04-23 00:00:00</subfield>
    <subfield code="t">2</subfield>
    <subfield code="w">2023-04-23</subfield>
    <subfield code="y">BOOKI</subfield>
  </datafield>
  <datafield tag="952" ind1=" " ind2=" ">
    <subfield code="0">0</subfield>
    <subfield code="1">0</subfield>
    <subfield code="4">0</subfield>
    <subfield code="7">0</subfield>
    <subfield code="8">GENERAL</subfield>
    <subfield code="a">CIE</subfield>
    <subfield code="b">CIE</subfield>
    <subfield code="d">2009-10-09</subfield>
    <subfield code="i">C1069899</subfield>
    <subfield code="l">0</subfield>
    <subfield code="o">F/07816</subfield>
    <subfield code="p">61000004390986</subfield>
    <subfield code="r">2023-04-23 00:00:00</subfield>
    <subfield code="t">3</subfield>
    <subfield code="w">2023-04-23</subfield>
    <subfield code="y">BOOK</subfield>
  </datafield>
</record>
